[Event "10th EICC"]
[Site "Budva MNE"]
[Date "2009.03.16"]
[Round "10"]
[White "Dreev,A"]
[Black "Wojtaszek,R"]
[Result "1/2-1/2"]
[WhiteElo "2688"]
[BlackElo "2608"]

1.d4 Nf6 2.c4 e6 3.Nc3 Bb4 4.Qc2 O-O 5.a3 Bxc3+ 6.Qxc3 d5 7.Bg5 c5 8.dxc5 d4
9.Qc2 e5 10.e4 a5 11.f4 h6 12.Bh4 exf4 13.O-O-O Nc6 14.Nf3 Re8 15.e5 Nxe5
16.Rxd4 Qe7 17.Bd3 Qxc5 18.Bxf6 gxf6 19.Rd1 Nxd3+ 20.Qxd3 Bf5 21.Rd5 Bxd3
22.Rxc5 Be4 23.Rd4 Re6 24.Rh5 f5 25.Rh4 Rg6 26.Nd2 Bc6 27.Rhxf4 Rxg2 28.Rxf5 Rxh2
29.Ne4 Rg2 30.Nd6 Rd8 31.Rxa5 Rg6 32.Nf5 Re8 33.Kd2 Rg2+ 34.Kc3 Ree2 35.b3 Kh7
36.Rh4 Rg6 37.Nd4 Re4 38.Rah5 Rg3+ 39.Kb4 Rxh4 40.Rxh4 Bd7 41.Kc5 Kg6 42.a4  1/2-1/2

[Event "10th EICC Qualification Playoff"]
[Site "Budva MNE"]
[Date "2009.03.18"]
[Round "1.1"]
[White "Petrosian,TL"]
[Black "Dreev,A"]
[Result "1/2-1/2"]
[WhiteElo "2623"]
[BlackElo "2688"]

1.e4 c6 2.Nc3 d5 3.Nf3 Bg4 4.h3 Bxf3 5.Qxf3 e6 6.d3 Nd7 7.Bd2 g6 8.g3 Bg7
9.Bg2 Ne7 10.Qe2 O-O 11.O-O Qb6 12.Rab1 Rfe8 13.Kh1 Qa6 14.a3 dxe4 15.Nxe4 Nf5
16.Bc3 Nd4 17.Qd1 Rad8 18.Re1 Rf8 19.Nd6 Qb6 20.Nc4 Qc7 21.Bb4 c5 22.Bd2 Rfe8
23.Bg5 Bf6 24.Bf4 e5 25.Bd2 Bg7 26.c3 Nf5 27.Qf3 b5 28.Ne3 Nxe3 29.Bxe3 Re6
30.b4 cxb4 31.cxb4 Nb6 32.Rbc1 Qd7 33.Red1 Rd6 34.Bg5 Re8 35.Qb7 Qxb7 36.Bxb7 h6
37.Be3 Red8 38.Be4 f5 39.Bc6 Rxd3 40.Rxd3 Rxd3 41.Bxb5 Rxa3 42.Rc7 f4 43.gxf4 exf4
44.Bxf4 Rxh3+ 45.Kg2 Rh5 46.Bd3 Nd5 47.Rc8+ Kh7 48.Bd2 Rh4 49.Rc6 Rg4+ 50.Kf3 h5
51.b5 Rg1 52.Rc5 Nf6 53.Bc3 h4 54.Rc4 Nh5 55.Rxh4 Bxc3 56.Rxh5+ Kg7 57.Rd5 Kf6
58.Rd7 Rd1 59.Ke4 Ra1 60.Rd6+ Kg7 61.Kd5 Bf6 62.Kc6 Ra4 63.Rd7+ Kh6 64.Rd6 Kg7
65.Rd7+ Kh6 66.Kc5 Rf4 67.Bc4 Bh4 68.Bd3 Bxf2+ 69.Kc6 Kh5 70.Rh7+ Kg5 71.Rg7 Rf6+
72.Kd5 Kh6 73.Rg8 Kh7 74.Re8 Kg7 75.Re6 Bb6 76.Rxf6 Kxf6 77.Ke4  1/2-1/2

[Event "TOP 16 GpA"]
[Site "Mulhouse FRA"]
[Date "2009.03.20"]
[Round "1"]
[White "Dreev,A"]
[Black "Komarov,Di"]
[Result "1/2-1/2"]
[WhiteElo "2688"]
[BlackElo "2530"]

1.d4 d5 2.c4 dxc4 3.e4 Nf6 4.e5 Nd5 5.Bxc4 Nb6 6.Bd3 Nc6 7.Be3 Nb4 8.Be4 N4d5
9.Nc3 Nxe3 10.fxe3 g6 11.h4 f5 12.exf6 exf6 13.h5 g5 14.Qf3 g4 15.Qf2 Bd6
16.Bf5 Qe7 17.e4 c5 18.Nge2 g3 19.Qf3 Bxf5 20.Qxf5 cxd4 21.Nxd4 Be5 22.O-O-O  1/2-1/2

[Event "16th TCh-RUS Premier"]
[Site "Dagomys RUS"]
[Date "2009.04.04"]
[Round "1"]
[White "Dreev,A"]
[Black "Amonatov,F"]
[Result "1/2-1/2"]
[WhiteElo "2668"]
[BlackElo "2648"]

1.d4 Nf6 2.c4 g6 3.Nc3 Bg7 4.e4 d6 5.Bd3 O-O 6.Nge2 Nc6 7.O-O Nd7 8.Be3 e5
9.d5 Ne7 10.Qd2 f5 11.exf5 gxf5 12.f4 Ng6 13.Rae1 e4 14.Bc2 Nf6 15.h3 Kh8
16.c5 Rg8 17.cxd6 cxd6 18.Bd4 Nh4 19.Rf2  1/2-1/2

[Event "16th TCh-RUS Premier"]
[Site "Dagomys RUS"]
[Date "2009.04.05"]
[Round "2"]
[White "Nepomniachtchi,I"]
[Black "Dreev,A"]
[Result "1/2-1/2"]
[WhiteElo "2624"]
[BlackElo "2668"]

1.e4 c6 2.d4 d5 3.f3 e6 4.Nc3 Bb4 5.Ne2 dxe4 6.fxe4 e5 7.Qd3 Qh4+ 8.g3 Qe7
9.Be3 Nf6 10.O-O-O Ng4 11.a3 Nxe3 12.Qxe3 exd4 13.Qxd4 Qg5+ 14.Nf4 Bc5 15.Qd2 O-O
16.Kb1 Nd7 17.Bh3 Ne5 18.Bxc8 Raxc8 19.Nd3 Qxd2 20.Rxd2 Rcd8 21.Rdd1 Bd6
22.Nxe5 Bxe5 23.Ne2 Rfe8 24.Nc1 Kf8 25.Rxd8 Rxd8 26.Nd3 Bc7 27.Kc1 Rd6 28.Kd2 Rh6
29.Nf2 Ke7 30.Ke2 Be5 31.Ng4 Re6 32.Nxe5 Rxe5 33.Kf3 Re6  1/2-1/2

[Event "16th TCh-RUS Premier"]
[Site "Dagomys RUS"]
[Date "2009.04.07"]
[Round "4"]
[White "Rychagov,A"]
[Black "Dreev,A"]
[Result "1/2-1/2"]
[WhiteElo "2530"]
[BlackElo "2668"]

1.d4 d5 2.c4 c6 3.Nf3 Nf6 4.cxd5 cxd5 5.Nc3 Nc6 6.Bf4 e6 7.e3 Nh5 8.Be5 Be7
9.Bd3 O-O 10.h3 Bd7 11.O-O Nf6  1/2-1/2

[Event "16th TCh-RUS Premier"]
[Site "Dagomys RUS"]
[Date "2009.04.08"]
[Round "5"]
[White "Dreev,A"]
[Black "Roiz,M"]
[Result "1/2-1/2"]
[WhiteElo "2668"]
[BlackElo "2635"]

1.d4 Nf6 2.c4 g6 3.Nc3 d5 4.cxd5 Nxd5 5.Bd2 Bg7 6.e4 Nxc3 7.Bxc3 O-O 8.Qd2 c5
9.dxc5 Qxd2+ 10.Kxd2 Rd8+ 11.Kc2 Bxc3 12.Kxc3 Be6 13.Nf3 Nd7 14.b4 a5 15.Bb5 Nf6
16.Rhe1 axb4+ 17.Kxb4 Bxa2 18.Re2 Be6 19.Rxa8 Rxa8 20.Ne5 Ra1 21.f3 Rb1+
22.Ka5 Ra1+ 23.Kb6 Rb1 24.Rd2 g5 25.Ka5 Ra1+ 26.Kb6 Rb1 27.Nd3 Nd7+ 28.Ka5 b6+
29.cxb6 Ra1+ 30.Kb4 Nxb6 31.Ne5 Rc1 32.Nd3  1/2-1/2

[Event "16th TCh-RUS Premier"]
[Site "Dagomys RUS"]
[Date "2009.04.09"]
[Round "6"]
[White "Dreev,A"]
[Black "Pankov,Ger"]
[Result "1-0"]
[WhiteElo "2668"]
[BlackElo "2384"]

1.d4 d5 2.c4 e5 3.dxe5 d4 4.Nf3 Nc6 5.g3 Nge7 6.Bg2 Ng6 7.Bg5 Qd7 8.e6 fxe6
9.O-O h6 10.Bc1 e5 11.Nbd2 Qf7 12.a3 a5 13.b3 Be7 14.Ne1 O-O 15.Nd3 Nd8 16.Bb2 Bd7
17.e3 Bc6 18.exd4 Bxg2 19.Kxg2 exd4 20.Qf3 Qxf3+ 21.Nxf3 Nc6 22.Rfe1 Rad8
23.Nd2 b6 24.f4 Bf6 25.Ne4 Rfe8 26.Re2 Kf7 27.Rae1 Re7 28.Kf3 Rde8 29.h3 Nf8
30.b4 Ne6 31.b5 Ncd8 32.a4 Rh8 33.f5 Ng5+ 34.Nxg5+ hxg5 35.Rxe7+  1-0

[Event "Torch Real Estate Cup"]
[Site "Chengdu CHN"]
[Date "2009.05.04"]
[Round "1"]
[White "Dreev,A"]
[Black "Xu Hanbing"]
[Result "1/2-1/2"]
[WhiteElo "2668"]
[BlackElo "2339"]

1.d4 Nf6 2.c4 Nc6 3.Nf3 e6 4.Nc3 Bb4 5.Qc2 d6 6.Bd2 O-O 7.a3 Bxc3 8.Bxc3 Re8
9.Rd1 Qe7 10.d5 Nb8 11.dxe6 Bxe6 12.h3 Nbd7 13.e3 a5 14.Be2 a4 15.Ng5 h6
16.Nxe6 Qxe6 17.O-O Ne4 18.Bb4 Ndf6 19.Bd3 h5 20.h4 Qe5 21.f3 Nc5 22.e4 Qf4
23.Qf2 Nfd7 24.Be2 b6 25.Bd2 Qf6 26.Bc3 Qg6 27.Kh2 Ne5 28.Qg3 Qxg3+ 29.Kxg3 g6
30.Rfe1 f6 31.Bf1 Kf7 32.Kf2 Re7 33.Rd5 Rae8 34.Red1 Kg7 35.Ke3 Kf7 36.Kd2 Kg7
37.Kc2 Kf7 38.Bd2 Rb8 39.Be3 Ned7 40.Bf2 Rbe8 41.Kc3 Ra8 42.Bd3 Kg7 43.Bc2 Kf7
44.Rg1 Ne5 45.Re1 Kg7 46.Rdd1 Kf7 47.Re2 Ree8 48.Rde1 Re7 49.Rf1 Kg7 50.Rg1 Kf7
51.Bd4 Ne6 52.Be3 Nc5 53.Rd1 Kg7 54.Bf4 Kf7 55.Bg3 Ned7 56.Ree1 Kg7 57.Bf2 Ne5
58.Rd2 Kf7 59.Rde2 Kg7 60.Bd4 Ne6 61.Be3 Nc5 62.Bf2 Ree8 63.Rd1 Re7 64.Bg3 Ned7
65.Red2 Kf7 66.Bf2 Ne5 67.Rg1 Ree8 68.Bd4 Ne6 69.Be3 Nc5 70.Rf2 Kg7 71.Bd4 Ne6
72.Be3 Nc5 73.Bd2 Rh8 74.Be3  1/2-1/2

[Event "18th CRO-Cup"]
[Site "Sibenik CRO"]
[Date "2009.05.20"]
[Round "1"]
[White "Vidovic,S"]
[Black "Dreev,A"]
[Result "0-1"]
[WhiteElo "2312"]
[BlackElo "2668"]

1.e4 c5 2.Nc3 Nc6 3.g3 g6 4.d3 Bg7 5.Be3 d6 6.Qd2 Nf6 7.Bh6 Bxh6 8.Qxh6 Qb6
9.O-O-O Be6 10.Bh3 Nd4 11.Bxe6 fxe6 12.Qd2 Qa5 13.Kb1 b5 14.Nce2 Qxd2 15.Rxd2 Nc6
16.f4 a5 17.Nf3 Kd7 18.e5 Nd5 19.c4 Nc7 20.exd6 exd6 21.cxb5 Nxb5 22.d4 c4
23.d5 exd5 24.Rxd5 Rab8 25.Ka1 Rhe8 26.Ned4 Nbxd4 27.Nxd4 Nxd4 28.Rxd4 Re2
29.Rb1 Rc2 30.g4 Rb5 31.h3 Kc6 32.Re4 Rd5 33.Re7 Rdd2 34.a4 c3 35.Rxh7 Rxb2
36.Rxb2 Rxb2 37.Rh8 Kd5 38.f5 gxf5 39.gxf5 Rf2 40.Kb1 Kc4  0-1

[Event "18th CRO-Cup"]
[Site "Sibenik CRO"]
[Date "2009.05.24"]
[Round "5"]
[White "Kozul,Z"]
[Black "Dreev,A"]
[Result "0-1"]
[WhiteElo "2600"]
[BlackElo "2668"]

1.d4 d5 2.c4 c6 3.Nc3 Nf6 4.e3 e6 5.Nf3 Nbd7 6.Bd3 dxc4 7.Bxc4 b5 8.Bd3 b4
9.Ne4 Nxe4 10.Bxe4 Bb7 11.O-O Bd6 12.b3 O-O 13.Nd2 Nf6 14.h3 Ba6 15.Re1 Rc8
16.Bb2 c5 17.Qf3 cxd4 18.Bxd4 Bc5 19.Bxf6 Qxf6 20.Qxf6 gxf6 21.Nc4 Bxc4 22.bxc4 Be7
23.Rac1 f5 24.Bf3 a5 25.Bd1 Rfd8 26.Bb3 Ra8 27.Ba4 Rd2 28.Rc2 Rxc2 29.Bxc2 a4
30.Re2 h5 31.g3 Kf8 32.h4 Ke8 33.Kg2 Bf6 34.Rd2 b3 35.axb3 Bc3 36.Rd3 a3
37.Bb1 Bb4 38.Ba2 Ke7 39.Kf1 Rd8 40.Rxd8 Kxd8 41.f3 Ke7 42.Kg2 Kd6 43.Kh3 Bd2
44.b4 Bxe3 45.g4 fxg4+ 46.fxg4 hxg4+ 47.Kxg4 Bd2 48.b5 Be3 49.h5 Ke7 50.Kf3 Bc5
51.h6 Kf8 52.Kf4 Kg8 53.Bb1 f5 54.Ke5 Kf7 55.h7 Kg7 56.Kxe6 f4 57.Kd5 f3
58.Kxc5 f2 59.Bd3 a2 60.b6 a1=Q 61.b7 Qa5+ 62.Kc6 Qa6+ 63.Kc7 Qa5+ 64.Kc6 Qa6+
65.Kc7 Qa7 66.Kc6 Qb8 67.Kb6 Qd6+ 68.Ka7 Qa3+ 69.Kb6 Qd6+ 70.Ka7 Qc7 71.Ka6 Qb8
72.Kb6 Qd8+ 73.Ka6 Qc7 74.Ka7 Qa5+ 75.Kb8 Qb6 76.Ka8 Qa6+ 77.Kb8 Qd6+ 78.Ka8 Qa3+  0-1

[Event "Politiken Cup"]
[Site "Helsingor DEN"]
[Date "2009.07.22"]
[Round "6"]
[White "Hillarp Persson,T"]
[Black "Dreev,A"]
[Result "1-0"]
[WhiteElo "2596"]
[BlackElo "2660"]

1.c4 c6 2.Nf3 d5 3.g3 dxc4 4.Bg2 e6 5.O-O Nf6 6.a4 Na6 7.Na3 Bxa3 8.bxa3 Nc5
9.Rb1 Qa5 10.Rb4 c3 11.dxc3 O-O 12.Qc2 Nd5 13.e4 Ne7 14.e5 Qc7 15.h4 Nd5
16.Re1 b6 17.Rd4 f5 18.exf6 gxf6 19.Bh6 Rf7 20.c4 Ne7 21.Qd1 Ng6 22.Rd8+ Nf8
23.Ne5 Bb7 24.Rxa8 Bxa8 25.Nxf7 Kxf7 26.Qh5+ Ke7 27.Qg4 Ncd7 28.Bxf8+  1-0

[Event "Politiken Cup"]
[Site "Helsingor DEN"]
[Date "2009.07.23"]
[Round "7"]
[White "Dreev,A"]
[Black "Semcesen,D"]
[Result "1/2-1/2"]
[WhiteElo "2660"]
[BlackElo "2418"]

1.d4 d5 2.Nf3 Nf6 3.c4 dxc4 4.Nc3 a6 5.e4 b5 6.e5 Nd5 7.a4 e6 8.axb5 Nb6
9.Be3 Bb7 10.Be2 axb5 11.Rxa8 Bxa8 12.Nxb5 Qd7 13.Nc3 Nc6 14.O-O Be7 15.Qb1 Na5
16.Qa2 Bb4 17.Ng5 h6 18.Nge4 O-O 19.Rd1 Qe7 20.Qb1 Rb8 21.Bxh6 Qh4 22.Bg5 Qh7
23.Bf3 Nd5 24.Ne2 Be7 25.Qa2 Bxg5 26.Nxg5 Qc2 27.Rc1 Qd2 28.Ne4 Rxb2 29.Nxd2 Rxa2
30.Nxc4 Nxc4 31.Rxc4 Nb6 32.Rxc7 Bxf3 33.Nc1 Bd5 34.Nxa2 Bxa2 35.h4 Nd5 36.Ra7 Bb1
37.f3 g6 38.Ra3 Kg7 39.Kf2 Bc2 40.Ke2 Nb6 41.Kf2 Nd5 42.g3 Kg8 43.Ke1 Nb6
44.Ke2 Ba4 45.Kf2 Kg7 46.Ra1 Kg8 47.Kg2 Kg7 48.Kh3 Bc2 49.Rc1 Bd3 50.g4 Nd5
51.Kg3 Kh7 52.Rd1 Bc4 53.Rc1 Bd3 54.Rh1 Kg7 55.f4 Be4 56.Rh2 Ne7 57.Re2 Bd3
58.Re1 Nc6 59.Kf2 Ne7 60.Kf3 Bc4 61.Rc1 Bd5+ 62.Kf2 Be4 63.Re1 Bd5 64.Re2 Bc6
65.Kg3 Bd5 66.Rd2 Be4 67.Rh2 Nc6 68.Kf2 Bc2 69.Kg3 Be4 70.Rd2 Ne7 71.Re2 Bd5
72.Kf2 Bc6 73.Ra2 Be4 74.Ra3 Nd5 75.Kg3 Ne7 76.Ra7 Nd5 77.Ra2 Ne7 78.Rh2 Nc6
79.Kf2 Bc2 80.Kf3 Bd1+ 81.Kg3  1/2-1/2

[Event "Politiken Cup"]
[Site "Helsingor DEN"]
[Date "2009.07.24"]
[Round "8"]
[White "Bejtovic,J"]
[Black "Dreev,A"]
[Result "0-1"]
[WhiteElo "2307"]
[BlackElo "2660"]

1.e4 c5 2.Nf3 d6 3.d4 cxd4 4.Nxd4 Nf6 5.Nc3 Nc6 6.Bg5 Bd7 7.Bxf6 gxf6 8.Be2 Qb6
9.Ndb5 a6 10.Nd5 Qa5+ 11.Nbc3 Bg7 12.Bg4 e6 13.O-O h5 14.Bxh5 exd5 15.exd5 Ne5
16.f4 Nc4 17.Qe2+ Kf8 18.Qxc4 Rxh5 19.Qe2 Rh8 20.f5 Re8 21.Qg4 Re5 22.Kh1 Qb6
23.Rab1 Qe3 24.h3 Qg5 25.Qb4 Bxf5 26.Qxd6+ Kg8 27.Rf3 Bxc2 28.Rbf1 Kh7 29.Qc7 b5
30.a3 f5 31.d6 Bb3 32.Qc6 a5 33.Rf4 Bc4 34.R1f3 Re1+ 35.Kh2 Be5  0-1

[Event "Politiken Cup"]
[Site "Helsingor DEN"]
[Date "2009.07.25"]
[Round "9"]
[White "Sethuraman,S"]
[Black "Dreev,A"]
[Result "1-0"]
[WhiteElo "2455"]
[BlackElo "2660"]

1.e4 c5 2.Nf3 Nc6 3.Bb5 d6 4.O-O Bd7 5.c3 a6 6.Ba4 c4 7.Bc2 Bg4 8.h3 Bh5
9.Na3 b5 10.Qe2 e5 11.d3 cxd3 12.Bxd3 Nf6 13.Nc2 Be7 14.a4 bxa4 15.Rxa4 Bxf3
16.Qxf3 a5 17.Ne3 g6 18.Nd5 Nxd5 19.exd5 Na7 20.Bh6 Rb8 21.b4 Bg5 22.Bxg5 Qxg5
23.Rxa5 Nc8 24.Qe3 Qxe3 25.fxe3 f5 26.g4 fxg4 27.hxg4 Ke7 28.g5 Rd8 29.Ra2 Rf8
30.Rh2 Rxf1+ 31.Kxf1 h5 32.gxh6 Nb6 33.h7 Rh8 34.Be4 Na4 35.c4 Nb6 36.Bxg6 Nxc4
37.Ke2 Nb6 38.e4  1-0

[Event "Politiken Cup"]
[Site "Helsingor DEN"]
[Date "2009.07.26"]
[Round "10"]
[White "Dreev,A"]
[Black "Arvola,B"]
[Result "1-0"]
[WhiteElo "2660"]
[BlackElo "2144"]

1.d4 Nf6 2.c4 g6 3.Nc3 Bg7 4.e4 d6 5.Bd3 O-O 6.Nge2 e5 7.d5 a5 8.O-O Na6
9.f3 Bd7 10.Be3 b6 11.Qd2 Nc5 12.Bc2 Ne8 13.Rae1 f5 14.exf5 Bxf5 15.Ng3 Bxc2
16.Qxc2 Nf6 17.b3 Qd7 18.a3 Rae8 19.b4 axb4 20.axb4 Na6 21.Qb3 c5 22.dxc6 Qxc6
23.Rd1 Rc8 24.c5+ d5 25.Nxd5 Nxd5 26.Rxd5 Qe6 27.cxb6 Nxb4 28.Rd3 Qxb3 29.Rxb3 Nd5
30.b7  1-0

[Event "Jubilee Open"]
[Site "Zuerich SUI"]
[Date "2009.08.10"]
[Round "2"]
[White "Wintzer,J"]
[Black "Dreev,A"]
[Result "0-1"]
[WhiteElo "2384"]
[BlackElo "2660"]

1.c4 c6 2.Nf3 d5 3.g3 dxc4 4.Bg2 e6 5.Qc2 b5 6.b3 cxb3 7.axb3 Bb7 8.d4 a5
9.Ba3 Bxa3 10.Rxa3 Nf6 11.O-O O-O 12.Nbd2 Na6 13.Ne4 Nxe4 14.Qxe4 Qe7 15.Rfa1 c5
16.Qb1 a4 17.Ng5 g6 18.Bxb7 Qxb7 19.Ne4 cxd4 20.bxa4 b4 21.Nf6+ Kg7 22.Rf3 Rac8
23.Qd1 Rfd8 24.Qd2 Rc5 25.Rb1 Qc7 26.Ne4 Rf5 27.Qd3 Qc6 28.Rxf5 exf5 29.Nd2 Qxa4
30.Nb3 Qc6 31.Rc1 Qb6 32.Rc4 Nc7 33.Nxd4 Nd5 34.Qb3 Qa6 35.Nc2 Nc3 36.Nxb4 Qa1+
37.Kg2 Nxe2 38.Qf3 Qg1+ 39.Kh3 Qf1+ 40.Kh4 h6 41.g4 Nd4  0-1

[Event "Jubilee Open"]
[Site "Zuerich SUI"]
[Date "2009.08.11"]
[Round "4"]
[White "Mikhalevski,V"]
[Black "Dreev,A"]
[Result "0-1"]
[WhiteElo "2631"]
[BlackElo "2660"]

1.d4 d5 2.c4 c6 3.Nf3 Nf6 4.e3 Bf5 5.Nc3 e6 6.Nh4 Bg6 7.Be2 Nbd7 8.O-O Ne4
9.g3 Nd6 10.cxd5 cxd5 11.f3 Rc8 12.e4 Nb6 13.a4 dxe4 14.fxe4 Be7 15.a5 Nd7
16.Nxg6 hxg6 17.Bf4 O-O 18.Qb3 Rc6 19.Qa2 Bg5 20.d5 Bxf4 21.dxc6 Be3+ 22.Kg2 bxc6
23.Rad1 Qb8 24.Qa4 Ne5 25.b3 Qc7 26.Qa3 c5 27.Qa4 Rb8 28.Nb5 Nxb5 29.Bxb5 Bd4
30.Rde1 g5 31.Re2 g6 32.Bc4 Kg7 33.Rh1 Ng4 34.h4 Rh8 35.e5 Qb7+  0-1

[Event "Jubilee Open"]
[Site "Zuerich SUI"]
[Date "2009.08.12"]
[Round "6"]
[White "Golod,V"]
[Black "Dreev,A"]
[Result "1/2-1/2"]
[WhiteElo "2599"]
[BlackElo "2660"]

1.d4 d5 2.c4 c6 3.Nf3 Nf6 4.e3 Bf5 5.Nc3 e6 6.Nh4 Bg6 7.Be2 Nbd7 8.O-O Bd6
9.g3 O-O 10.Nxg6 hxg6 11.Qb3 Rb8 12.Rd1 Qe7 13.Qc2 dxc4 14.Bxc4 c5 15.dxc5 Bxc5
16.Bd2 Ne5 17.Be2 b6 18.Ne4 Qb7 19.Nxc5 bxc5 20.Bc3 Nf3+ 21.Bxf3 Qxf3 22.Bxf6 gxf6  1/2-1/2

[Event "Jubilee Open"]
[Site "Zuerich SUI"]
[Date "2009.08.14"]
[Round "8"]
[White "Sandipan,C"]
[Black "Dreev,A"]
[Result "1/2-1/2"]
[WhiteElo "2585"]
[BlackElo "2660"]

1.d4 d5 2.Nf3 Nf6 3.c4 c6 4.Nc3 e6 5.e3 Nbd7 6.Qc2 Bd6 7.e4 dxe4 8.Nxe4 Nxe4
9.Qxe4 Nf6 10.Qc2 b6 11.Bd2 c5 12.O-O-O cxd4 13.Nxd4 a6 14.Bd3 Qc7  1/2-1/2

[Event "Jubilee Open"]
[Site "Zuerich SUI"]
[Date "2009.08.15"]
[Round "9"]
[White "Dreev,A"]
[Black "Shchekachev,A"]
[Result "1-0"]
[WhiteElo "2660"]
[BlackElo "2530"]

1.d4 Nf6 2.c4 e6 3.Nc3 Bb4 4.Qc2 c5 5.dxc5 O-O 6.a3 Bxc5 7.Nf3 Qc7 8.Bg5 Be7
9.e4 d6 10.Nb5 Qc6 11.Rd1 Nbd7 12.Nfd4 Qb6 13.Be3 Qd8 14.Nb3 Ne8 15.Be2 a6
16.Nc3 b6 17.O-O Bb7 18.a4 Qc7 19.a5 bxa5 20.Ra1 Rb8 21.Nxa5 Ba8 22.Rfb1 Nef6
23.b4 d5 24.c5 dxe4 25.Qc1 Rfd8 26.Bf4 e5 27.Be3 Nf8 28.Bxa6 Ne6 29.Nb5  1-0

[Event "ch-RUS HL"]
[Site "Ulan Ude RUS"]
[Date "2009.09.02"]
[Round "1"]
[White "Dreev,A"]
[Black "Matlakov,M"]
[Result "1/2-1/2"]
[WhiteElo "2662"]
[BlackElo "2574"]

1.d4 d5 2.c4 c6 3.Nf3 Nf6 4.e3 Bf5 5.Nc3 e6 6.Nh4 Bg6 7.Be2 Nbd7 8.O-O Bd6
9.g3 O-O 10.Nxg6 hxg6 11.Qb3 Rb8 12.c5 Bc7 13.Qa4 e5 14.b4 a6 15.Qc2 Re8
16.a4 Nf8 17.b5 axb5 18.axb5 Ba5 19.Nb1 exd4 20.exd4 Ra8 21.Be3 Bb4 22.Ra4 Rxa4
23.Qxa4 Qa5 24.Qxa5 Bxa5 25.Na3 Ne6 26.Nc2 Bc3 27.Bd3 Ra8 28.Rb1 Ra4 29.bxc6 bxc6
30.Rb6 Bxd4 31.Rxc6 Bxe3 32.Nxe3 Ra5 33.Bxg6 Rxc5 34.Rxc5 Nxc5 35.Bb1 g6
36.f3 d4 37.Nc2 Nb3 38.Ne1 Nc1 39.Kf2 Nd5 40.h4 Kg7 41.Nd3 Nxd3+ 42.Bxd3 f5
43.h5 Ne7 44.hxg6 Kxg6 45.Ke2 Nd5 46.g4 Ne3 47.gxf5+ Nxf5 48.Bxf5+ Kxf5 49.Kd3 Kf4
50.Kxd4 Kxf3  1/2-1/2

[Event "ch-RUS HL"]
[Site "Ulan Ude RUS"]
[Date "2009.09.03"]
[Round "2"]
[White "Shomoev,A"]
[Black "Dreev,A"]
[Result "1/2-1/2"]
[WhiteElo "2566"]
[BlackElo "2662"]

1.e4 c5 2.Nf3 d6 3.d4 cxd4 4.Nxd4 Nf6 5.Nc3 Nc6 6.Bg5 Bd7 7.Qd2 Nxd4 8.Qxd4 Qa5
9.f4 Rc8 10.e5 dxe5 11.fxe5 e6 12.O-O-O Bc6 13.Nb5 Bxb5 14.exf6 Bc6 15.h4 g6
16.Bc4 Bc5 17.Qg4 h5 18.Qe2 O-O 19.Kb1 b5 20.Bb3 Qb4 21.Rde1 Qd4 22.Rhf1 Rcd8
23.g3 a5 24.a3 a4 25.c3 Qd3+ 26.Bc2 Qxe2 27.Rxe2 Bd5 28.Rd2 Bc4 29.Rfd1 Rxd2
30.Rxd2 Bb6 31.Rd7 e5 32.Rd2 Rd8 33.Rxd8+ Bxd8 34.Bxg6 fxg6 35.f7+ Kxf7 36.Bxd8 e4
37.Bg5 Ke6 38.Kc2 Kf5 39.Kd2 Kg4 40.Ke3 Kxg3 41.Kxe4 Kf2 42.Kd4 Ke2 43.Kc5 Kd3
44.Kb4 Kc2 45.Bd8 Kxb2 46.Bg5  1/2-1/2

[Event "ch-RUS HL"]
[Site "Ulan Ude RUS"]
[Date "2009.09.04"]
[Round "3"]
[White "Dreev,A"]
[Black "Maslak,K"]
[Result "1/2-1/2"]
[WhiteElo "2662"]
[BlackElo "2551"]

1.d4 Nf6 2.Nf3 g6 3.Bg5 Bg7 4.Nbd2 d5 5.e3 O-O 6.Bd3 Nbd7 7.O-O c5 8.c3 b6
9.a4 a6 10.b4 a5 11.bxc5 bxc5 12.Bb5 cxd4 13.cxd4 Ba6 14.Rb1 h6 15.Bh4 Ne8
16.Bxa6 Rxa6 17.Qb3 Ndf6 18.Rfc1 g5 19.Bg3 Nd6 20.Ne5 Qa8 21.Rc7 Rc8 22.Qc2 Bf8
23.h4 Rxc7 24.Qxc7 Qc8 25.Qxc8 Nxc8 26.hxg5 hxg5 27.Nd3 Nd7 28.Rb7 Ndb6 29.Nc5 Ra7
30.Rxa7 Nxa7 31.Bc7 Nac8 32.Ndb3 e6 33.Bd8 g4 34.Nxa5 Bxc5 35.dxc5 Nxa4 36.c6 Nc3
37.c7 Kf8 38.Nc6 Ke8 39.Ne5 f5 40.Kf1 Ne4 41.Ke2 Nc5 42.Kd1 Nd7 43.Nd3 e5
44.Kc2 Kf7 45.Kc3 Ke6 46.Kb4 Kd6 47.Kb5 e4 48.Nb4 Nf8 49.Bh4 Kxc7 50.Kc5 Kd7
51.Kxd5 Ng6 52.Bg3 Nb6+ 53.Kc5 Na4+ 54.Kd4 Ke6 55.Na6 Kd7 56.Nb8+ Ke6 57.Na6 Kd7
58.Nc7 Ke7 59.Nd5+ Ke6 60.Nc7+ Ke7 61.Nd5+ Ke6 62.Nc7+  1/2-1/2

[Event "ch-RUS HL"]
[Site "Ulan Ude RUS"]
[Date "2009.09.05"]
[Round "4"]
[White "Popov,Iv RUS"]
[Black "Dreev,A"]
[Result "1/2-1/2"]
[WhiteElo "2582"]
[BlackElo "2662"]

1.e4 c6 2.d4 d5 3.e5 Bf5 4.c4 e6 5.Nc3 Ne7 6.a3 dxc4 7.Bxc4 Nd7 8.Nge2 Nd5
9.Nxd5 cxd5 10.Bd3 Bg6 11.Nf4 Bxd3 12.Nxd3 Nb8 13.O-O Nc6 14.Be3 h5 15.g3 Be7
16.h3 Qd7 17.Qd2 a5 18.f4 a4 19.Qf2 g6 20.Bd2 Na5 21.Bxa5 Qb5 22.Qe3 Qxa5
23.Rac1 Kd7 24.Nc5+ Bxc5 25.Rxc5 Qb6 26.Rb1 Rhc8 27.b4 axb3 28.Rxb3 Qa7 29.Rbc3 Qb6
30.Rb3 Qa7 31.Rbc3 Qb6 32.Rb3 Qa7 33.Rbc3  1/2-1/2

[Event "ch-RUS HL"]
[Site "Ulan Ude RUS"]
[Date "2009.09.06"]
[Round "5"]
[White "Dreev,A"]
[Black "Burmakin,V"]
[Result "1/2-1/2"]
[WhiteElo "2662"]
[BlackElo "2599"]

1.d4 d5 2.c4 c6 3.Nf3 Nf6 4.e3 g6 5.Nc3 Bg7 6.Be2 O-O 7.O-O Nbd7 8.a4 dxc4
9.Bxc4 Nb6 10.Bb3 Nbd5 11.a5 Bf5 12.Bd2 Nxc3 13.bxc3 c5 14.Be1 Rc8 15.Ne5 Ne8
16.f4 Nd6 17.Qe2 Qc7 18.c4 Rfd8 19.Rc1 Be4 20.d5 e6 21.Bh4 f6 22.Ng4 Qe7
23.Qb2 Rf8 24.Qe2 Rfd8 25.Qb2 Rf8 26.Qe2 Rfd8 27.Qb2 Rf8  1/2-1/2

[Event "ch-RUS HL"]
[Site "Ulan Ude RUS"]
[Date "2009.09.09"]
[Round "7"]
[White "Dreev,A"]
[Black "Sek,K"]
[Result "1-0"]
[WhiteElo "2662"]
[BlackElo "2420"]

1.d4 Nf6 2.c4 c5 3.d5 e6 4.Nc3 exd5 5.cxd5 d6 6.e4 g6 7.Nf3 Bg7 8.h3 O-O
9.Bd3 b5 10.Nxb5 Re8 11.O-O Nxe4 12.Re1 a6 13.Na3 Nf6 14.Rxe8+ Nxe8 15.Bg5 Qc7
16.Qa4 Bd7 17.Qb3 Ra7 18.Nc4 Rb7 19.Qc2 Nf6 20.Rd1 Bb5 21.b3 Qd8 22.a4 Bxc4
23.Bxc4 Re7 24.Qc1 Qd7 25.Re1 Re4 26.Re3 Qe7 27.Qe1 Rxe3 28.Qxe3 Qxe3 29.Bxe3 Kf8
30.Bd2 Ke7 31.Ba5 Ne8 32.Kf1 h6 33.Ke2 Kd7 34.g4 Kc8 35.g5 Kb7 36.Bd2 h5
37.Nh4 Nd7 38.f4 Nb6 39.f5 Nc7 40.Ba5 gxf5 41.Nxf5 Bf8 42.h4 Ne8 43.Ng3 Nd7
44.Nxh5 Ng7 45.Nxg7 Bxg7 46.Kf3  1-0

[Event "ch-RUS HL"]
[Site "Ulan Ude RUS"]
[Date "2009.09.11"]
[Round "9"]
[White "Dreev,A"]
[Black "Najer,E"]
[Result "1/2-1/2"]
[WhiteElo "2662"]
[BlackElo "2681"]

1.d4 Nf6 2.c4 g6 3.Nc3 d5 4.Bg5 Ne4 5.Bh4 Nxc3 6.bxc3 dxc4 7.Qa4+ Qd7 8.Qxc4 b6
9.Bg3 c5 10.Be5 Ba6 11.Qb3 f6 12.Bxb8 Rxb8 13.Nf3 c4 14.Qb1 b5 15.a4 b4 16.cxb4 e5
17.b5 exd4 18.g3 Bb7 19.Bg2 Bc5 20.O-O O-O 21.Qa2 Qf7 22.Nd2 c3 23.Qxf7+ Kxf7
24.Nb3 Rfc8 25.Rfd1 Bxg2 26.Kxg2 a6 27.Nxc5 Rxc5 28.Rxd4 axb5 29.axb5 c2
30.Rc1 Rbxb5 31.Rd2  1/2-1/2

[Event "ch-RUS HL"]
[Site "Ulan Ude RUS"]
[Date "2009.09.12"]
[Round "10"]
[White "Shimanov,A"]
[Black "Dreev,A"]
[Result "0-1"]
[WhiteElo "2508"]
[BlackElo "2662"]

1.d4 d5 2.c4 c6 3.Nf3 Nf6 4.Nc3 e6 5.Bg5 h6 6.Bxf6 Qxf6 7.e3 g6 8.Bd3 Bg7
9.O-O O-O 10.e4 dxe4 11.Nxe4 Qd8 12.Qd2 e5 13.dxe5 Bg4 14.Qf4 Bxf3 15.Qxf3 Nd7
16.Qe3 Nxe5 17.Be2 Re8 18.Rad1 Qh4 19.f3 f5 20.g3 Qe7 21.Nf2 Nxf3+ 22.Qxf3 Qxe2
23.Nd3 Qxf3 24.Rxf3 Rad8 25.Kf1 h5 26.b3 Bc3 27.Rc1 Bd2 28.Rd1 Be3 29.Nb2 Rxd1+
30.Nxd1 Bd2 31.Nb2 Re1+ 32.Kg2 Ra1 33.a4 Rb1 34.Nd3 Rxb3 35.Ne5 Rxf3 36.Kxf3 Kg7
37.Nd3 Kf6 38.Nc5 Bb4 39.Nxb7 Ke7 40.Kf4 Kd7 41.c5 Kc7 42.Nd6 Bxc5 43.Nc4 Be7
44.Ke5 Kd7 45.a5 Bd8 46.a6 Ke7 47.Kd4 Bc7 48.Nd2 g5 49.Kc5 Kd7 50.Kc4 g4  0-1

[Event "ch-RUS HL"]
[Site "Ulan Ude RUS"]
[Date "2009.09.13"]
[Round "11"]
[White "Dreev,A"]
[Black "Vorobiov,E"]
[Result "1/2-1/2"]
[WhiteElo "2662"]
[BlackElo "2606"]

1.d4 d5 2.c4 dxc4 3.e4 e5 4.Nf3 exd4 5.Bxc4 Nc6 6.O-O Be6 7.Bxe6 fxe6 8.Qb3 Qd7
9.Qxb7 Rb8 10.Qa6 Nf6 11.Nbd2 Bd6 12.b3 O-O 13.Bb2 Rb6 14.Qd3 Nb4 15.Qb1 e5
16.Nc4 Rb5 17.a3 Nc6 18.Qd3 Rfb8 19.Nfd2 Nh5 20.g3 Qh3 21.Rfc1 Nd8 22.Qf1 Qg4
23.a4 R5b7 24.Na5 Rb6 25.Ndc4 Ne6 26.f3 Qg6 27.Nxb6 axb6 28.Nc4 Rf8 29.Qg2 Nc5
30.Rf1 Nxb3 31.Rad1 Nc5 32.f4 exf4 33.Nxd6 cxd6 34.Rxd4 fxg3 35.Rxf8+ Kxf8
36.Qf3+ Ke7 37.Rd5 gxh2+ 38.Kxh2 Nf6 39.Bxf6+ Qxf6 40.Qxf6+ gxf6 41.Rd4 Ke6
42.Kg2 f5 43.exf5+ Kxf5 44.Kf3 Ke5 45.Rb4 Kd5 46.Ke3 h5 47.Kd2 Kc6 48.Kc3 Kb7
49.Rd4 Kc6 50.Rh4 Kb7 51.Kb4 Kc6 52.Rxh5 Na6+ 53.Kc3 Nc5 54.Rh4 Na6 55.Rc4+ Nc5
56.Kb4 Kb7 57.Kb5 Ne6 58.Rc1 Nc7+ 59.Kb4 Na6+ 60.Kb5 Nc7+ 61.Kc4 Kc6 62.Kd4+ Kd7
63.Ke4 Ne6 64.Rc4 Nc5+ 65.Kd5 Ne6 66.Rc3 Nc7+ 67.Kd4 Ne6+ 68.Ke4 Nc5+ 69.Kd5 Nxa4
70.Rh3 Nc5 71.Rh7+ Ke8 72.Kxd6 Ne4+ 73.Ke5 Ng5 74.Rb7 Nf7+ 75.Kf6 Nd8 76.Re7+ Kf8
77.Re5 b5 78.Rxb5 Ke8 79.Rd5 Nc6 80.Rd2 Nd8 81.Rd6 Nb7 82.Rd5 Nd8 83.Rd1 Nc6  1/2-1/2

[Event "18th TCh-CRO"]
[Site "Sibenik CRO"]
[Date "2009.09.21"]
[Round "1"]
[White "Pavasovic,D"]
[Black "Dreev,A"]
[Result "1/2-1/2"]
[WhiteElo "2602"]
[BlackElo "2662"]

1.e4 c5 2.c3 d5 3.exd5 Qxd5 4.d4 Nf6 5.Nf3 e6 6.Be2 Be7 7.O-O O-O 8.Ne5 cxd4
9.cxd4 Rd8 10.Be3 Qa5 11.Nc3 Nc6 12.Nxc6 bxc6 13.Qa4 Qxa4 14.Nxa4 Nd5 15.Rac1 a5
16.a3 Ba6 17.Bxa6 Rxa6 18.Rc4 Kf8 19.Rfc1 Rc8 20.Bd2 Ke8 21.Kf1  1/2-1/2